| 000 | 01671nam a2200409 a 4500 | ||
|---|---|---|---|
| 999 |
_c3051 _d3051 |
||
| 003 | BLK | ||
| 005 | 20241221122018.0 | ||
| 008 | 180412b bul|||||r ||||||| ||bul|| | ||
| 010 | _aKNG00004095000 | ||
| 020 | _a954-8719-02-9 | ||
| 040 | _aBLK | ||
| 041 |
_aBUL _cBUL |
||
| 080 |
_aДруги игри. Викторини, гатанки, поговорки, кръстословици и др. _b793.7 _z793.7 |
||
| 080 |
_aИгри за ловкост. Главоблъсканици. Пъзели _b794.5 _z794.5 |
||
| 100 | 1 |
_aШулман, Ан _eпърви автор _9246703 |
|
| 139 |
_aШулман, Ан _bШ 96 |
||
| 245 | 1 | 0 |
_aСветовни умствени игри и пъзели _bЗа юноши _cАн Шулман; адапт. Елеонора Силвио Владимирова; прев. Елена Бейнова. |
| 257 | _aGBR | ||
| 260 |
_bАркус _c1994 _aСофия |
||
| 300 |
_a146 с. _bс ил. _c24 см |
||
| 380 | _aDN | ||
| 490 |
_aСерия Хоби _9202924 |
||
| 500 | _aОриг. загл. World Mind Games and Puzzles / Anne Schulman. - 10 000 тир. | ||
| 650 | 4 |
_aИгри за развлечение _9245182 |
|
| 653 | _aигри | ||
| 653 | _aумствени игри | ||
| 653 | _aпъзели | ||
| 700 | 1 |
_aВладимирова, Елеонора Силвио _eадапт. _9246704 |
|
| 700 | 1 |
_aБейнова, Елена _eпрев. _9246705 |
|
| 852 | _aЦб 267163 | ||
| 856 | 4 |
_qpdf _u _i0.00 _ldisable |
|
| 856 | 4 |
_qpdf _u _i0.00 _ldisable |
|
| 942 |
_cKNG _n0 _s1 _03 |
||
| 944 |
_aCR _c15.01.2003 _lМоника Янева _k30570 |
||
| 944 |
_aED _c09.01.2014 _lф / |
||
| 999 | _d3051 | ||